000 00275nam a22001337a 4500
008 171016b xxu||||| |||| 00| 0 eng d
020 _a9780822053248
041 _aeng
080 _a33
100 _a52
101 _aEKO
245 _aECONOMICS
_cDUFFY,J
942 _2udc
_cBK
999 _c34125
_d34125